000 00479nam a22001937a 4500
003 MPLRDC
005 20220104142426.0
008 210129b ||||| |||| 00| 0 eng d
020 _a957-35-0335-2
082 _a528.96 YHH
100 _a汤浩瀚编译
245 _a游泳入门
_c
250 _a三版二刷
260 _a
_b武陵出版有限公司
_c1993
300 _b
490 _a运动技艺丛书
650 _a水上运动--游泳
942 _cBK
_o528.96 YHH
999 _c30810
_d30800